<?xml version="1.0" encoding="UTF-8"?>
<record
    xmlns:xsi="http://www.w3.org/2001/XMLSchema-instance"
    xsi:schemaLocation="http://www.loc.gov/MARC21/slim http://www.loc.gov/standards/marcxml/schema/MARC21slim.xsd"
    xmlns="http://www.loc.gov/MARC21/slim">

  <leader>01678nam a22002297a 4500</leader>
  <controlfield tag="001">00004589</controlfield>
  <controlfield tag="003">DO-SdBNP</controlfield>
  <controlfield tag="005">20180314131754.0</controlfield>
  <controlfield tag="007">00004589</controlfield>
  <controlfield tag="008">160518b   2011 dr a     xxu||||| |||| 00| 0 spa d</controlfield>
  <datafield tag="040" ind1=" " ind2=" ">
    <subfield code="a">BPMSU</subfield>
    <subfield code="b">spa</subfield>
    <subfield code="c">BPMSU</subfield>
  </datafield>
  <datafield tag="092" ind1=" " ind2=" ">
    <subfield code="a">xxxxx</subfield>
    <subfield code="b">xxxxx</subfield>
  </datafield>
  <datafield tag="100" ind1="1" ind2=" ">
    <subfield code="a">Paniagua, Jos&#xE9; Manuel </subfield>
  </datafield>
  <datafield tag="245" ind1="1" ind2="0">
    <subfield code="a">Educaci&#xF3;n f&#xED;sica : </subfield>
    <subfield code="b">desarrollo curricular, nivel b&#xE1;sico, </subfield>
    <subfield code="c">Jos&#xE9; Manuel Paniagua.</subfield>
  </datafield>
  <datafield tag="260" ind1=" " ind2=" ">
    <subfield code="a">[Santo Domingo :</subfield>
    <subfield code="b">Ministerio de Educaci&#xF3;n, </subfield>
    <subfield code="c">2011],</subfield>
  </datafield>
  <datafield tag="300" ind1=" " ind2=" ">
    <subfield code="a">231 p. : </subfield>
    <subfield code="b">il. ; </subfield>
    <subfield code="c">28 cm. </subfield>
  </datafield>
  <datafield tag="504" ind1=" " ind2=" ">
    <subfield code="a">Bibliograf&#xED;a : p. 230-231</subfield>
  </datafield>
  <datafield tag="505" ind1="0" ind2=" ">
    <subfield code="t">El calentamiento --</subfield>
    <subfield code="t">Organizaci&#xF3;n control y postura --</subfield>
    <subfield code="t">Las alineaciones --</subfield>
    <subfield code="t">Las numeraciones --</subfield>
    <subfield code="t">Los giros --</subfield>
    <subfield code="t">El estiramiento --</subfield>
    <subfield code="t">Historia de los juegos ol&#xED;mpicos --</subfield>
    <subfield code="t">El ajedrez --</subfield>
    <subfield code="t">El atletismo --</subfield>
    <subfield code="t">Los saltos --</subfield>
    <subfield code="t">Los lanzamientos --</subfield>
    <subfield code="t">El baloncesto --</subfield>
    <subfield code="t">Los fundamentos del baloncesto --</subfield>
    <subfield code="t">Sistema de defensa --</subfield>
    <subfield code="t">El futbol --</subfield>
    <subfield code="t">Principios defensivos --</subfield>
    <subfield code="t">Principios ofensivos --</subfield>
    <subfield code="t">El voleibol --</subfield>
    <subfield code="t">L a recreaci&#xF3;n --</subfield>
    <subfield code="t">El juego --</subfield>
    <subfield code="t">El escultismo --</subfield>
    <subfield code="t">El excursionismo --</subfield>
    <subfield code="t">El campamento --</subfield>
    <subfield code="t">La deforestaci&#xF3;n --</subfield>
    <subfield code="t">La higiene --</subfield>
    <subfield code="t">La alimentaci&#xF3;n --</subfield>
    <subfield code="t">Las vitaminas --</subfield>
    <subfield code="t">El masaje --</subfield>
    <subfield code="t">El masajista --</subfield>
    <subfield code="t">Los primeros auxilios --</subfield>
    <subfield code="t">Las heridas --</subfield>
    <subfield code="t">Lesiones a huesos,  articulaciones y m&#xFA;sculos --</subfield>
    <subfield code="t">Lesiones de calor y frio --</subfield>
    <subfield code="t">El vendaje --</subfield>
    <subfield code="t">M&#xE9;todos de rescate y transporte --</subfield>
    <subfield code="t">Las drogas --</subfield>
    <subfield code="t">Prevenci&#xF3;n ante fen&#xF3;menos atmosf&#xE9;ricos --</subfield>
    <subfield code="t">Las inundaciones --</subfield>
    <subfield code="t"> Las tormentas el&#xE9;ctricas --</subfield>
    <subfield code="t">Las marejadas  --</subfield>
    <subfield code="t">Orientaciones de transito para peatones --</subfield>
    <subfield code="t">Se&#xF1;ales de tr&#xE1;nsito.</subfield>
  </datafield>
  <datafield tag="942" ind1=" " ind2=" ">
    <subfield code="2">ddc</subfield>
    <subfield code="c">BK</subfield>
  </datafield>
  <datafield tag="945" ind1=" " ind2=" ">
    <subfield code="a">Remanejado para la BNPHU / 2018 VM</subfield>
  </datafield>
  <datafield tag="952" ind1=" " ind2=" ">
    <subfield code="0">0</subfield>
    <subfield code="1">0</subfield>
    <subfield code="2">ddc</subfield>
    <subfield code="4">0</subfield>
    <subfield code="7">0</subfield>
    <subfield code="8">CE</subfield>
    <subfield code="a">BPMET</subfield>
    <subfield code="b">BPMET</subfield>
    <subfield code="d">2016-05-18</subfield>
    <subfield code="e">Donaci&#xF3;n</subfield>
    <subfield code="l">0</subfield>
    <subfield code="p">BPMSU16050393</subfield>
    <subfield code="r">2016-05-18</subfield>
    <subfield code="t"> </subfield>
    <subfield code="w">2016-05-18</subfield>
    <subfield code="y">BK</subfield>
  </datafield>
  <datafield tag="956" ind1=" " ind2=" ">
    <subfield code="2">LOPEREZ</subfield>
    <subfield code="3">10</subfield>
    <subfield code="6">20160518</subfield>
    <subfield code="8">BPMSU</subfield>
    <subfield code="a">00041</subfield>
  </datafield>
  <datafield tag="999" ind1=" " ind2=" ">
    <subfield code="c">10174</subfield>
    <subfield code="d">10174</subfield>
  </datafield>
</record>
